Music Quiz

Random Music or Song Quiz

Madonna or Gwen Stefani? Quiz Stats

 Plays Quiz Updated Jan 30, 2018

Also try: Female Singers
Challenge
Share
Tweet
Embed
Score 0/24 Timer 02:00
1 Play Today
Song Madonna (M) or Stefani (S) % Correct
Vogue???
94.6%
Like a Virgin???
94%
Papa Don't Preach???
92.7%
Like a Prayer???
91.5%
Hollaback Girl???
91.3%
Express Yourself???
89.6%
Holiday???
88%
Into the Groove???
87.8%
Let Me Blow Ya Mind???
86.8%
Ray of Light???
84.5%
Music???
83.9%
Open Your Heart???
83.5%
Song Madonna (M) or Stefani (S) % Correct
South Side???
83.3%
Cool???
80.5%
4 in the Morning???
80.1%
Luxorious???
79.9%
Take a Bow???
79.5%
The Sweet Escape???
78.9%
Wind It Up???
76.7%
Rich Girl???
76.4%
What You Waiting For????
74.6%
Used to Love You???
68.3%
Baby Don't Lie???
67.5%
Hung Up???
58.5%

You're not logged in!

Compare scores with friends on all Sporcle quizzes.
Join for Free
OR
Log In

You Might Also Like...

Show Comments

Extras

Top Quizzes Today


Score Distribution

Your Account Isn't Verified!

In order to create a playlist on Sporcle, you need to verify the email address you used during registration. Go to your Sporcle Settings to finish the process.

Report this User

Report this user for behavior that violates our Community Guidelines.

Details: